Online Catalogue and eLibrary

Vedukkilikaali ootruk kadal (Record no. 6024)

MARC details
000 -LEADER
fixed length control field 00506nam a22001697a 4500
005 - DATE AND TIME OF LATEST TRANSACTION
control field 20250424085044.0
008 - FIXED-LENGTH DATA ELEMENTS--GENERAL INFORMATION
fixed length control field 250424b |||||||| |||| 00| 0 eng d
020 ## - INTERNATIONAL STANDARD BOOK NUMBER
ISBN 9789381969625
082 ## - DDC Classification
DDC Edition Number 22
Class No. 301
100 ## - MAIN ENTRY--PERSONAL NAME
Personal name R0y, Arunthathi
245 ## - TITLE STATEMENT
Title Vedukkilikaali ootruk kadal
Remainder of title In Alippu, Maruppu, Kondaatam
250 ## - EDITION STATEMENT
Edition statement 3rd
260 ## - PUBLICATION, DISTRIBUTION, ETC.
Place of publication, distribution, etc. Nagercoil
Name of publisher, distributor, etc. Kalachuvadu Publication
Date of publication, distribution, etc. 2016
300 ## - PHYSICAL DESCRIPTION
Extent (e.g. Volumes, Pages etc.) 127 p .,
500 ## - GENERAL NOTE
General note Translation of selected articles from ' Listening to Grasshoppers" Essays
942 ## - Koha item type (Biblio)
Koha item type Books in Stacks (Lending)
Holdings
Lost status Damaged status Collection code Home library Current library Date acquired Full call number Accession Number Item type
    Lending WERC Library WERC Library 04/24/2025 301 7036 Books in Stacks (Lending)

© WERC Library